| 000 | 01525nam a22003497a 4500 | ||
|---|---|---|---|
| 001 | 362 | ||
| 003 | FISKH | ||
| 005 | 20230329110601.0 | ||
| 008 | 230329b cb ||||| |||| 00| 0 eng d | ||
| 020 | _a9781447267171 | ||
| 040 |
_aDLC _beng _erda _cDLC _dDLC _dFISKH |
||
| 042 | _apcc | ||
| 043 | _af-et--- | ||
| 050 | 0 | 0 |
_aPZ7.L1579 _bFa 2014 |
| 082 | _a823.914 | ||
| 100 | 1 |
_aLaird, Elizabeth, _eauthor. |
|
| 245 | 1 | 4 |
_aThe fastest boy in the world / _cElizabeth Laird ; illustrated by Peter Bailey. |
| 264 | 1 |
_aLondon : _bMacmillan Children's Books, _c2014. |
|
| 300 |
_a163, 4 pages : _billustrations ; _c20 cm |
||
| 336 |
_atext _btxt _2rdacontent |
||
| 337 |
_aunmediated _bn _2rdamedia |
||
| 338 |
_avolume _bnc _2rdacarrier |
||
| 505 | _aM | ||
| 520 | _aThe great athletes of the Ethiopian national team are his heroes and he dreams that one day he will be a gold-medal-winning athlete like them, in spite of his ragged shorts and bare feet. When his grandfather announces that he's going to take Solomon to Addis Ababa, Solomon cannot believe his ears. A trip to the capital? It's unfathomable. Solomon's joy is increased when he realizes that the Ethiopian running team will be doing a victory parade through the city that day. | ||
| 521 | 8 |
_a690
_bLexile |
|
| 521 | 8 |
_aM
_bRaz-Plus |
|
| 651 | 0 |
_aEthiopia _vJuvenile fiction. |
|
| 655 | 0 | _aChildren's stories. | |
| 906 |
_a7 _bcbc _corigres _d3 _encip _f20 _gy-gencatlg |
||
| 942 |
_2ddc _cBK _n0 |
||
| 999 |
_c362 _d362 |
||